000 00326nam a2200121Ia 4500
008 220120s9999||||xx |||||||||||||| ||und||
020 _a81-7808-036-2
100 _aChandrashekaraiah, P.M
245 0 _aNetwork analysis
260 _aRajeshwari publications
_bNew Delhi
300 _b285
650 _aSOFTWARE ENGINEERING
_91072
999 _c137221
_d137221